Monolitická železobetónová konštrukcia výškovej budovy

Salvato in:
Dettagli Bibliografici
Autore principale: Hörmann, Tomáš (Autore)
Altri autori: Hollý, Ivan (Relatore della tesi)
Natura: Manoscritto Libro
Lingua:slovacco
Pubblicazione: 2017
Soggetti:
Accesso online:http://is.stuba.sk/zp/portal_zp.pl?podrobnosti=132306
https://opac.crzp.sk/?fn=detailBiblioForm&sid=E7FF18FD4FFD5019D4F3E93CC38C
Tags: Aggiungi Tag
Nessun Tag, puoi essere il primo ad aggiungerne!!

MARC

LEADER 00000ntm a22000003a 4500
001 stuzp57058
003 SK-STU
005 20230811115252.3
007 ta
008 150427s2015----xo-----f-mn---000-0-slo-d
040 |a STU  |b slo 
041 0 |a slo 
100 1 |a Hörmann, Tomáš  |u 010110  |4 aut  |U SvF Stavebná fakulta  |T SvF Katedra betónových konštrukcií a mostov  |X 49222  |U V110  |Y 11  |7 A000049222 
242 0 1 |a High rise monolithic construction  |y eng 
245 1 0 |a Monolitická železobetónová konštrukcia výškovej budovy 
260 |c 2017 
650 4 |a monolitická konštrukcia  |2 slo 
650 4 |a stužujúce jadro  |2 slo 
650 4 |a dynamické účinky  |2 slo 
650 4 |a monolithic construction  |2 eng 
650 4 |a walls of reinforcing core  |2 eng 
650 4 |a dynamic effects  |2 eng 
700 1 |a Hollý, Ivan  |u 010110  |k Z1  |4 ths  |U SvF Stavebná fakulta  |T SvF Katedra betónových konštrukcií a mostov  |X 20766  |U V110  |Y 11  |7 A000020766 
856 4 |u http://is.stuba.sk/zp/portal_zp.pl?podrobnosti=132306 
856 4 |u https://opac.crzp.sk/?fn=detailBiblioForm&sid=E7FF18FD4FFD5019D4F3E93CC38C